Esencia de la filosofía y otros escritos
Uloženo v:
| Hlavní autor: | |
|---|---|
| Další autoři: | |
| Médium: | Kniha |
| Jazyk: | španělština |
| Vydáno: |
Madrid
Centro de Estudios Constitucionales
1980
|
| Edice: | Colección Civitas
|
| Témata: | |
| Tagy: |
Přidat tag
Žádné tagy, Buďte první, kdo vytvoří štítek k tomuto záznamu!
|
MARC
| LEADER | 00000nam a2200000 a 4500 | ||
|---|---|---|---|
| 001 | UCZ2109 | ||
| 003 | CL-VaPUC | ||
| 005 | 20211118125206.0 | ||
| 008 | 950926e19800000SP |||||||||||||||||spa|d | ||
| 999 | |c 238758 |d 238756 | ||
| 040 | |c Pontificia Universidad Católica de Valparaíso | ||
| 082 | 0 | 4 | |a 102 |b HEG |2 21 |
| 100 | |a Hegel, Georg Wilhelm Friedrich |e autor |9 580639 | ||
| 245 | 1 | 0 | |a Esencia de la filosofía y otros escritos |
| 260 | |a Madrid |b Centro de Estudios Constitucionales |c 1980 | ||
| 300 | |a 235 p | ||
| 490 | 0 | |a Colección Civitas | |
| 583 | |a last modification |c 19950926 00:00:00 |k Rodrigo Vera | ||
| 650 | 0 | |a Filosofía |9 223554 | |
| 650 | 0 | |a Epistemología |9 264994 | |
| 650 | 0 | |a Filosofía alemana |9 265002 | |
| 650 | 0 | |a Ensayos |9 268724 | |
| 700 | 1 | |a Negro Pavón, Dalmacio |e traductor |9 864711 | |
| 942 | |c BK |2 ddc | ||
| 945 | |d 19950926 00:00:00 |a cmena | ||
| 952 | |0 0 |1 0 |4 0 |6 102_000000000000000_HEG_1980 |7 0 |8 A |9 249209 |a BIBEDU |b BIBEDU |d 2019-11-18 |i 1564226 |o 102 HEG 1980 |p 1564226 |r 2019-11-18 |w 2019-11-18 |y BK |k FIL | ||